The Walking Dead - Personnage de la Saison 4 - Statistiques

Statistiques générales
  • Ce quiz a été pris 628 fois
  • Le résultat moyen est 17 sur 43
Statistiques - réponses
Personnage % Correct
1 Rick
99%
2 Daryl
96%
5 Carl
93%
3 Maggie
92%
7 Carol
90%
4 Glenn
90%
6 Michonne
86%
10 Le Gouverneur
83%
11 Beth
82%
13 Sasha
79%
12 Tyreese
75%
16 Tara
65%
20 Abraham
64%
19 Rosita
64%
21 Eugene
62%
14 Bob
55%
15 Lizzie
41%
17 Mika
33%
43 Morgan
33%
24 Martinez
32%
18 Karen
30%
42 Gareth
27%
25 Patrick
23%
32 Lilly
19%
34 David
18%
22 Joe
17%
33 Meghan
17%
40 Mary
13%
36 Mitch
11%
35 Pete
11%
30 Sam
11%
29 Zach
11%
41 Alex
10%
31 Ana
9%
23 Tony
9%
37 Alisha
8%
26 Clara
7%
28 Ryan
7%
38 Mike
6%
27 Molly
6%
39 Terry
5%
9 Greene
3%
8 Harshel
2%
Aucun quiz correspondant
Distribution des résultats
% des personnes avec chaque résultat
Percentile par nombre de réponses
Votre historique - résultats
Vous n’avez pas pris ce quiz